000 00376nam a2200157Ia 4500
008 230711s9999||||xx |||||||||||||| ||und||
041 _aENG
082 _a624
_bSH-W
100 _aShan,HS
245 0 _aWork study and economics
250 _a2nd
260 _c1992
_aNew Delhi
_bDhanpat Rai & Co.(Pvt.)Ltd.
300 _a310
650 _aMechanical Engineering
942 _cBK
999 _c1679
_d1679